000 00594nam a2200217Ia 4500
003 OSt
005 20220928135547.0
006 a|||||r|||| 00| 0
007 ta
008 220927b |||||||| |||| 00| 0 eng d
024 _a3113
037 _cTextual
040 _aSDCL
_cSDCL
_beng
041 _2eng
_aeng
082 _aX:5171.2'P, P0
100 _aSharma Kavita
_9491519
245 0 _aImpact of consumer involvement on consumer behaviour
_b A case study of India
260 _c2000
942 _hX:5171.2'P, P0
_cTEXL
_2CC
999 _c806907
_d806907